书目信息 |
| 题名: |
实用动物检疫技术
|
|
| 作者: | 阚保东 主编 | |
| 分册: | ||
| 出版信息: | 北京 中国农业出版社 1996 |
|
| 页数: | 489页 | |
| 开本: | 19cm | |
| 丛书名: | ||
| 单 册: | ||
| 中图分类: | S851.34 | |
| 科图分类: | ||
| 主题词: | 动物-检疫 , 检疫-动物 | |
| 电子资源: | ||
| ISBN: | 7-109-04247-2 | |
| 000 | 00705nam0 2200241 45 | |
| 001 | 0196031418 | |
| 005 | 20070720090123.14 | |
| 010 | @a7-109-04247-2@dCNY20.20 | |
| 100 | @a19960730d1996 em y0chiy0121 ea | |
| 101 | 0 | @achi |
| 102 | @aCN@b110000 | |
| 105 | @ay z 000yy | |
| 200 | 10 | @a实用动物检疫技术@ASHI YONG DONG WU JIAN YI JI SHU@f阚保东主编@FKAN BAO DONG ZHU BIAN |
| 210 | @a北京@c中国农业出版社@d1996 | |
| 215 | @a489页@d19cm | |
| 314 | @a阚保东,唐山动植物检疫局任职 | |
| 517 | 1 | @a动物检疫技术@ADONG WU JIAN YI JI SHU |
| 606 | @a动物-检疫 | |
| 606 | @a检疫-动物 | |
| 690 | @aS851.34@v4 | |
| 701 | 0 | @a阚保东@AKAN BAO DONG@4主编 |
| 801 | 0 | @aCN@bTSSF@c20070720 |
| 905 | @a10447@dS851.34@e68 | |
| 实用动物检疫技术/阚保东主编.-北京:中国农业出版社,1996 |
| 489页;19cm |
| ISBN 7-109-04247-2:CNY20.20 |
| ● |
| 相关链接 |
|
|
|
|
正题名:实用动物检疫技术
索取号:S851.34/68
 
预约/预借
| 序号 | 登录号 | 条形码 | 馆藏地/架位号 | 状态 | 备注 |
| 1 | 0781456 | 207814560 | 第二样本阅览室/ [索取号:S851.34/68] | 在馆 | |
| 2 | 0781457 | 207814579 | 第三借阅区/ [索取号:S851.34/68] | 在馆 | |
| 3 | 0781458 | 207814588 | 第三借阅区/ [索取号:S851.34/68] | 在馆 | |
| 4 | 0781459 | 207814597 | 第三借阅区/ [索取号:S851.34/68] | 在馆 | |
| 5 | 0782240 | 207822409 | 第三借阅区/ [索取号:S851.34/68] | 在馆 | |
| 6 | 0782241 | 207822418 | 库房3/ [索取号:S851.34/68] | 在馆 | |
| 7 | 0782242 | 207822427 | 库房3/ [索取号:S851.34/68] | 在馆 | |
| 8 | 0782243 | 207822436 | 库房3/ [索取号:S851.34/68] | 在馆 | |
| 9 | 0782244 | 207822445 | 库房3/ [索取号:S851.34/68] | 在馆 | |
| 10 | 0782245 | 207822454 | 库房3/ [索取号:S851.34/68] | 在馆 | |
| 11 | 0782246 | 207822463 | 库房3/ [索取号:S851.34/68] | 在馆 | |
| 12 | 0782247 | 207822472 | 库房3/ [索取号:S851.34/68] | 在馆 | |
| 13 | 0782248 | 207822481 | 库房3/ [索取号:S851.34/68] | 在馆 | |
| 14 | 0782249 | 207822490 | 库房3/ [索取号:S851.34/68] | 在馆 | |
| 15 | 0782250 | 207822506 | 库房3/ [索取号:S851.34/68] | 在馆 | |
| 16 | 0782251 | 207822515 | 库房3/ [索取号:S851.34/68] | 在馆 | |
| 17 | 0782252 | 207822524 | 库房3/ [索取号:S851.34/68] | 在馆 | |
| 18 | 0782253 | 207822533 | 库房3/ [索取号:S851.34/68] | 在馆 | |
| 19 | 0782254 | 207822542 | 库房3/ [索取号:S851.34/68] | 在馆 | |
| 20 | 0782255 | 207822551 | 库房3/ [索取号:S851.34/68] | 在馆 | |
| 21 | 0782256 | 207822560 | 库房3/ [索取号:S851.34/68] | 在馆 | |
| 22 | 0782257 | 207822579 | 库房3/ [索取号:S851.34/68] | 在馆 | |
| 23 | 0782258 | 207822588 | 库房3/ [索取号:S851.34/68] | 在馆 | |
| 24 | 0782259 | 207822597 | 库房3/ [索取号:S851.34/68] | 在馆 | |
| 25 | 0782260 | 207822604 | 库房3/ [索取号:S851.34/68] | 在馆 | |
| 26 | 0782261 | 207822613 | 库房3/ [索取号:S851.34/68] | 在馆 | |
| 27 | 0782262 | 207822622 | 库房3/ [索取号:S851.34/68] | 在馆 | |
| 28 | 0782263 | 207822631 | 库房3/ [索取号:S851.34/68] | 在馆 | |
| 29 | 0782264 | 207822640 | 库房3/ [索取号:S851.34/68] | 在馆 | |
| 30 | 0782265 | 207822659 | 库房3/ [索取号:S851.34/68] | 在馆 | |
| 31 | 0782266 | 207822668 | 库房3/ [索取号:S851.34/68] | 在馆 | |
| 32 | 0782267 | 207822677 | 库房3/ [索取号:S851.34/68] | 在馆 | |
| 33 | 0782268 | 207822686 | 库房3/ [索取号:S851.34/68] | 在馆 | |
| 34 | 0782269 | 207822695 | 库房3/ [索取号:S851.34/68] | 在馆 | |
| 35 | 0782270 | 207822702 | 库房3/ [索取号:S851.34/68] | 在馆 | |
| 36 | 0782271 | 207822711 | 库房3/ [索取号:S851.34/68] | 在馆 |